Screening of clones of rubber (Hevea brasiliensis) fro growth and tolerance to powdery mildew disease at a high altitude station in Kerala, India (Record no. 68467)

MARC details
000 -LEADER
fixed length control field 00614nam a2200205Ia 4500
100 ## - MAIN ENTRY--AUTHOR NAME
Personal name Edathil T T
245 #0 - TITLE STATEMENT
Title Screening of clones of rubber (Hevea brasiliensis) fro growth and tolerance to powdery mildew disease at a high altitude station in Kerala, India
260 ## - PUBLICATION, DISTRIBUTION, ETC. (IMPRINT)
Name of publisher Natural Rubber Research
Year of publication 2009
300 ## - PHYSICAL DESCRIPTION
Number of Pages 151-155
650 ## - SUBJECT ADDED ENTRY--TOPICAL TERM
Topical Term Disease screening
650 ## - SUBJECT ADDED ENTRY--TOPICAL TERM
Topical Term Fungicides
650 ## - SUBJECT ADDED ENTRY--TOPICAL TERM
Topical Term Ortets
650 ## - SUBJECT ADDED ENTRY--TOPICAL TERM
Topical Term Powdery mildew
650 ## - SUBJECT ADDED ENTRY--TOPICAL TERM
Topical Term Susceptibility
650 ## - SUBJECT ADDED ENTRY--TOPICAL TERM
Topical Term Tolerance
700 ## - ADDED ENTRY--PERSONAL NAME
Personal name Lakshmanan R
700 ## - ADDED ENTRY--PERSONAL NAME
Personal name Thomas V
942 ## - ADDED ENTRY ELEMENTS (KOHA)
Koha item type Journals
Holdings
Withdrawn status Lost status Damaged status Not for loan Home library Current library Shelving location Date acquired Serial Enumeration / chronology Koha item type
      Journals RRII Library RRII Library Pathology 31/05/2011 Volume 22, Issue 1&2 Journals